| 000 | 00827cam a22002411 4500 | ||
|---|---|---|---|
| 001 | sa 66001873 | ||
| 003 | DLC | ||
| 005 | 20260227112225.0 | ||
| 008 | 861103s1964 ii 000 0 eng | ||
| 010 | _asa 66001873 | ||
| 025 | _aPL480:I-E-4927 | ||
| 035 | _a(OCoLC)14628563 | ||
| 040 |
_aDLC _cWaU _dDLC |
||
| 042 | _apremarc | ||
| 050 | 0 | 0 |
_aHE1783.I4 _bA485 |
| 110 | 1 |
_aIndia (Republic). _bRailway Inspectorate. |
|
| 245 | 1 | 0 |
_aRailway accidents; _breport on accident to no. 14 down Madras-Bombay Janata express at Kosgi (Southern Railway) on 9th November 1961. |
| 260 |
_aDelhi, _bManager of Publications, _c1964. |
||
| 300 |
_a15 p. _c34 cm. |
||
| 500 | _aCover title. | ||
| 650 | 0 |
_aRailroad accidents _zIndia. |
|
| 740 | 0 | _aReport on accident to no. 14 down Madras-Bombay Janata express at Kosgi (Southern Railway) | |
| 999 |
_c68038 _d68038 |
||